| 000 | 00479 a2200169 4500 | ||
|---|---|---|---|
| 003 | OSt | ||
| 005 | 20240110131459.0 | ||
| 008 | 240110b |||||||| |||| 00| 0 eng d | ||
| 020 | _a9789380442136 | ||
| 040 | _coclc | ||
| 082 |
_a297 _bSUL/A |
||
| 100 |
_aSullami, Abdul Haque _910251 |
||
| 245 |
_aAmru'binul Aas / _cAbdul Haque Sullami, Amayoor |
||
| 260 |
_aKerala: _bDa'wa books, _c2010. |
||
| 300 | _a130p | ||
| 942 |
_2ddc _cBK _h297 _iSUL/A _k297 _mSUL/A |
||
| 999 |
_c43081 _d43081 |
||